000 00819nam a22002777a 4500
001 6601
003 FISKH
005 20250513102208.0
008 250513b cb ||||| |||| 00| 0 eng d
020 _a9780590397940
040 _aFISKH
_beng
_cFISKH
_dFISKH
050 _aQL467 .C35
082 _a595.7
100 _aCanizares, Susan
245 _aWhat do insects do?
_cSusan Canizares ; Pamela Chanko
260 _aNew York :
_bScholastic,
_c2012
300 _a14 unnumbered pages :
_bcolor illustrations ;
_c18 ​x 21 cm
505 _aaa
520 _aPhotographs and simple text describe the many things that insects do.
521 8 _a10
_bLexile
521 8 _aaa
_bRaz-Plus
650 _aAnimals
_vBees
700 _aChanko, Pamela
_eillustrator
942 _2ddc
_cBK
_n0
999 _c6601
_d6601